000 00627 a2200241 4500
260 _aPoitiers
630 _a91 - Geographie. exploration de la terre, des diverses regions, des divers pays. Voyages. Geographie regionale
037 _b2, WVSC
650 _a9 - GEOGRAPHIE ET HISTOIRE
260 _bNouvelles Editions de l'Université
245 _aLe guide du Bénin
300 _a159 p.
650 _aBénin : guide touristique
260 _c2001
300 _b22cm
100 _lFr
440 _aPetitfuté
037 _aL 15301
037 _aL 15302
020 _a2862739464
999 _c42224
_d42224